000 00293nam a22001337a 4500
008 171104b xxu||||| |||| 00| 0 eng d
020 _a9780471446385
041 _aeng
080 _a339.138
100 _a61
101 _aMKT
245 _aMARKETING MISTKES
_cHARTLEY, R.F
942 _2udc
_cBK
999 _c37623
_d37623